[Event "European Youth Chess Championship G14"]
[Site "Prague, Top Hotel Prague"]
[Date "2012.08.19"]
[Round "3.10"]
[White "Bulmaga, Elena"]
[Black "Haussernot, Cecile"]
[Result "0-1"]
[WhiteElo "1809"]
[BlackElo "2074"]
[PlyCount "0"]
[EventDate "2012.08.17"]

1. d4 {[%clk 1:30:57]} Nf6 {[%clk 1:30:55]} 2. c4 {[%clk 1:31:21]} e6
{[%clk 1:31:21]} 3. Nc3 {[%clk 1:31:44]} Bb4 {[%clk 1:31:47]} 4. e3
{[%clk 1:32:03]} O-O {[%clk 1:32:12]} 5. Nge2 {[%clk 1:32:22]} d5
{[%clk 1:32:36]} 6. a3 {[%clk 1:32:10]} Be7 {[%clk 1:33:00]} 7. Nf4
{[%clk 1:29:46]} b6 {[%clk 1:28:59]} 8. cxd5 {[%clk 1:29:00]} exd5
{[%clk 1:29:02]} 9. Bd3 {[%clk 1:28:54]} Bb7 {[%clk 1:23:05]} 10. O-O
{[%clk 1:27:56]} Qd7 {[%clk 1:22:58]} 11. b4 {[%clk 1:23:31]} Nc6
{[%clk 1:20:36]} 12. Bb2 {[%clk 1:22:34]} Nd8 {[%clk 1:15:23]} 13. Rc1
{[%clk 1:16:53]} Rc8 {[%clk 1:12:35]} 14. Qc2 {[%clk 1:02:26]} c5
{[%clk 1:06:34]} 15. bxc5 {[%clk 0:58:49]} bxc5 {[%clk 1:06:47]} 16. Bf5
{[%clk 0:56:43]} Ne6 {[%clk 1:06:57]} 17. dxc5 {[%clk 0:55:26]} Bxc5
{[%clk 1:03:06]} 18. Rfd1 {[%clk 0:53:45]} Rfd8 {[%clk 1:03:03]} 19. Qb3
{[%clk 0:50:18]} Bc6 {[%clk 1:00:10]} 20. e4 {[%clk 0:44:49]} Rb8
{[%clk 0:57:35]} 21. Qa2 {[%clk 0:44:57]} Qd6 {[%clk 0:44:10]} 22. Ncxd5
{[%clk 0:43:28]} Bxd5 {[%clk 0:36:53]} 23. Nxd5 {[%clk 0:43:39]} Nxd5
{[%clk 0:36:58]} 24. Rxd5 {[%clk 0:39:25]} Qf4 {[%clk 0:34:14]} 25. Rc2
{[%clk 0:30:15]} Rxd5 {[%clk 0:34:11]} 26. exd5 {[%clk 0:28:40]} Qxf5
{[%clk 0:33:44]} 27. dxe6 {[%clk 0:28:57]} fxe6 {[%clk 0:33:51]} 28. Bc3
{[%clk 0:22:56]} Rd8 {[%clk 0:33:34]} 29. Rc1 {[%clk 0:22:34]} Rf8
{[%clk 0:31:22]} 30. Be1 {[%clk 0:22:15]} h6 {[%clk 0:29:07]} 31. a4
{[%clk 0:19:49]} Qe5 {[%clk 0:27:06]} 32. Qc4 {[%clk 0:17:19]} Bd4
{[%clk 0:26:27]} 33. Qc7 {[%clk 0:14:23]} Qe2 {[%clk 0:25:25]} 34. Qc2
{[%clk 0:12:24]} Qe5 {[%clk 0:21:02]} 35. Qc7 {[%clk 0:12:33]} Qg5
{[%clk 0:20:40]} 36. Qc4 {[%clk 0:12:28]} Kh8 {[%clk 0:20:45]} 37. Rd1
{[%clk 0:10:57]} e5 {[%clk 0:20:44]} 38. Qb4 {[%clk 0:08:33]} Qf6
{[%clk 0:19:28]} 39. Qd2 {[%clk 0:08:21]} Rd8 {[%clk 0:18:19]} 40. Qe2
{[%clk 0:38:25]} e4 {[%clk 0:48:13]} 41. Kh1 {[%clk 0:38:04]} Re8
{[%clk 0:47:08]} 42. Qb5 {[%clk 0:34:51]} Rd8 {[%clk 0:44:15]} 43. Ba5
{[%clk 0:32:26]} Rf8 {[%clk 0:35:21]} 44. Bb4 {[%clk 0:32:32]} Rd8
{[%clk 0:34:30]} 45. Ba5 {[%clk 0:32:54]} Bb6 {[%clk 0:33:36]} 46. Rxd8+
{[%clk 0:32:39]} Qxd8 {[%clk 0:33:59]} 47. Be1 {[%clk 0:33:00]} Qf8
{[%clk 0:26:11]} 48. Qe2 {[%clk 0:32:15]} Qf5 {[%clk 0:24:49]} 49. Qc2
{[%clk 0:29:02]} Qf4 {[%clk 0:24:33]} 50. Qe2 {[%clk 0:27:51]} Kh7
{[%clk 0:22:57]} 51. g3 {[%clk 0:27:48]} Qf3+ {[%clk 0:22:09]} 52. Qxf3
{[%clk 0:28:07]} exf3 {[%clk 0:22:34]} 53. Kg1 {[%clk 0:27:09]} Bd4
{[%clk 0:21:13]} 54. Bd2 {[%clk 0:26:55]} Kg6 {[%clk 0:21:18]} 55. g4
{[%clk 0:24:53]} Kf6 {[%clk 0:21:27]} 56. Bf4 {[%clk 0:24:51]} Ke6
{[%clk 0:21:26]} 57. h4 {[%clk 0:24:06]} Kd5 {[%clk 0:21:02]} 58. h5
{[%clk 0:22:12]} Bb6 {[%clk 0:13:17]} 59. Bd2 {[%clk 0:18:58]} Kc4
{[%clk 0:13:04]} 60. a5 {[%clk 0:18:55]} Bd4 {[%clk 0:13:01]} 61. Bf4
{[%clk 0:15:53]} Kd3 {[%clk 0:11:06]} 62. Kf1 {[%clk 0:16:01]} Bc3
{[%clk 0:08:43]} 63. Be3 {[%clk 0:15:37]} a6 {[%clk 0:08:03]} 64. Bb6
{[%clk 0:15:23]} Ke4 {[%clk 0:08:12]} 65. Be3 {[%clk 0:13:31]} Bxa5
{[%clk 0:08:30]} 66. g5 {[%clk 0:13:49]} hxg5 {[%clk 0:08:47]} 67. Bxg5
{[%clk 0:14:10]} Bc3 {[%clk 0:09:04]} 68. h6 {[%clk 0:14:18]} gxh6
{[%clk 0:09:26]} 69. Bxh6 {[%clk 0:14:42]} Kd3 {[%clk 0:09:18]} 70. Bf8
{[%clk 0:13:58]} a5 {[%clk 0:09:41]} 71. Ba3 {[%clk 0:14:18]} Bb4
{[%clk 0:09:59]} 0-1

[Event "European Youth Chess Championship G14"]
[Site "Prague, Top Hotel Prague"]
[Date "2012.08.19"]
[Round "3.11"]
[White "Shapar, Tatiana"]
[Black "Gazikova, Veronika"]
[Result "0-1"]
[WhiteElo "1845"]
[BlackElo "2033"]
[PlyCount "92"]
[EventDate "2012.08.17"]

1. e4 d5 2. exd5 Qxd5 3. Nc3 Qd6 4. d4 Nf6 5. Bd3 a6 6. Nge2 b5 7. Ne4 Qc6 8.
N2g3 Nbd7 9. O-O Bb7 10. f3 Nd5 11. c3 e6 12. Qe2 Qb6 13. Kh1 Be7 14. Nh5 f5
15. Ng5 O-O 16. Re1 Bxg5 17. Bxg5 Rac8 18. Qf2 Rfe8 19. Qg3 g6 20. Re2 Kf7 21.
Bh6 Rg8 22. Nf4 Nxf4 23. Bxf4 Rge8 24. Rae1 Qa5 25. Qh4 h5 26. c4 Qb6 27. Be5
Nxe5 28. dxe5 Kg7 29. cxb5 axb5 30. Qb4 Bc6 31. Rc2 Rcd8 32. Bf1 Rd5 33. Rec1
Bd7 34. Rxc7 Kh6 35. a4 Qe3 36. f4 bxa4 37. R7c3 Qd2 38. h3 Rd4 39. Qb7 Rxf4
40. R3c2 Qd4 41. Rc7 Rd8 42. Bb5 Qd2 43. R1c2 Qe1+ 44. Kh2 Qxe5 45. g3 Rb4 46.
R2c5 Rxb2+ 0-1

[Event "European Youth Chess Championship G14"]
[Site "Prague, Top Hotel Prague"]
[Date "2012.08.19"]
[Round "3.12"]
[White "Paramzina, Anastasya"]
[Black "Keetman, Maaike"]
[Result "1-0"]
[WhiteElo "2021"]
[BlackElo "1802"]
[PlyCount "89"]
[EventDate "2012.08.17"]

1. e4 c5 2. Nf3 e6 3. d4 cxd4 4. Nxd4 Nc6 5. Nb5 d6 6. c4 Nf6 7. N1c3 a6 8. Na3
Be7 9. Be2 O-O 10. O-O b6 11. Be3 Bb7 12. f3 Nb8 13. Qd2 Nbd7 14. Rfd1 Qc7 15.
Nc2 Rac8 16. Rac1 Rfd8 17. Nd4 Qb8 18. Bf1 Ne5 19. Na4 Ba8 20. a3 d5 21. exd5
exd5 22. Nf5 Bf8 23. Bxb6 Rd7 24. Bd4 dxc4 25. Qg5 Rcd8 26. Bxe5 Qa7+ 27. Bd4
Rxd4 28. Nxd4 Rxd4 29. Qe3 Rd7 30. Qxa7 Rxa7 31. Rxc4 Bd5 32. Rc8 g6 33. Nc3
Be6 34. Rc6 a5 35. Bc4 Bxc4 36. Rxc4 Rb7 37. Rb1 Nd7 38. Ra4 Bc5+ 39. Kf1 Bb6
40. b4 Bd4 41. Ne2 Nb6 42. bxa5 Nxa4 43. Rxb7 Be3 44. a6 Nc5 45. Rb8+ 1-0

[Event "European Youth Chess Championship G14"]
[Site "Prague, Top Hotel Prague"]
[Date "2012.08.19"]
[Round "3.13"]
[White "Bluhm, Sonja Maria"]
[Black "Maslova, Polina"]
[Result "1/2-1/2"]
[WhiteElo "1977"]
[BlackElo "1867"]
[PlyCount "95"]
[EventDate "2012.08.17"]

1. e4 c5 2. Nf3 Nc6 3. d4 cxd4 4. Nxd4 Nf6 5. Nc3 e5 6. Ndb5 d6 7. Bg5 a6 8.
Na3 b5 9. Nd5 Be7 10. Bxf6 Bxf6 11. c4 b4 12. Nc2 O-O 13. h4 Rb8 14. b3 Be7 15.
g3 Be6 16. Bh3 Qd7 17. Bxe6 fxe6 18. Nde3 Qe8 19. Qg4 Qf7 20. O-O Bd8 21. Rad1
Qe7 22. c5 dxc5 23. Qe2 a5 24. Qa6 Rb6 25. Qc4 Kh8 26. Rd2 Bc7 27. Rc1 Rd8 28.
Rxd8+ Nxd8 29. Ne1 Bd6 30. Qd3 Bc7 31. Nc4 Rb8 32. Rd1 Kg8 33. Qd7 Kf8 34.
Qxe7+ Kxe7 35. Nd3 Rb5 36. Ndxe5 Bxe5 37. Nxe5 Rb7 38. Rd2 Rc7 39. Rc2 Nf7 40.
Nc4 Nd6 41. Nxa5 Nxe4 42. Nc4 Ra7 43. Kf1 Nc3 44. a3 bxa3 45. Nxa3 Rxa3 46.
Rxc3 c4 47. Rxc4 Rxb3 48. Rc7+ 1/2-1/2

[Event "European Youth Chess Championship G14"]
[Site "Prague, Top Hotel Prague"]
[Date "2012.08.19"]
[Round "3.14"]
[White "Khomeriki, Nino"]
[Black "Rouffignac, Marie"]
[Result "1-0"]
[WhiteElo "2030"]
[BlackElo "1715"]
[PlyCount "39"]
[EventDate "2012.08.17"]

1. d4 d5 2. Nf3 Nf6 3. e3 c5 4. b3 Nc6 5. Bb2 Bf5 6. Bd3 e6 7. O-O Rc8 8. a3
Be7 9. Bxf5 exf5 10. dxc5 Bxc5 11. Qd3 Qd7 12. Bxf6 gxf6 13. Nc3 d4 14. exd4
Nxd4 15. Rad1 Nxf3+ 16. Qxf3 Qc6 17. Nd5 Bxa3 18. Qxf5 Bb2 19. Rfe1+ Kf8 20.
Ne7 1-0

[Event "European Youth Chess Championship G14"]
[Site "Prague, Top Hotel Prague"]
[Date "2012.08.19"]
[Round "3.15"]
[White "Kahya, Gizem"]
[Black "Vasenina, Anna"]
[Result "1/2-1/2"]
[WhiteElo "1705"]
[BlackElo "1978"]
[PlyCount "80"]
[EventDate "2012.08.17"]

1. e4 d6 2. d4 Nf6 3. Nc3 g6 4. g3 Bg7 5. Bg2 Nc6 6. Nf3 Bg4 7. Qd3 Bxf3 8.
Bxf3 e5 9. d5 Nd4 10. Ne2 Nd7 11. Nxd4 exd4 12. Bf4 O-O 13. O-O Qf6 14. Bg2
Rae8 15. Qd2 Qd8 16. Bh6 Bxh6 17. Qxh6 c5 18. dxc6 bxc6 19. Qd2 Qb6 20. c3 dxc3
21. Qxc3 Ne5 22. Rad1 Rb8 23. Rd2 Rfe8 24. Rfd1 Qa6 25. b3 Rbd8 26. Bf1 Qb6 27.
Rxd6 Rxd6 28. Rxd6 Qc7 29. Rd1 Qb6 30. Bg2 Qa6 31. Rd2 Qb6 32. Qd4 c5 33. Qd6
Qa5 34. f4 Ng4 35. Qd3 Rb8 36. h3 c4 37. Qd4 cxb3 38. axb3 Nf6 39. e5 Nh5 40.
g4 Ng7 1/2-1/2

[Event "European Youth Chess Championship G14"]
[Site "Prague, Top Hotel Prague"]
[Date "2012.08.19"]
[Round "3.16"]
[White "Valieva, Rufina"]
[Black "Shahbazyan, Hasmik"]
[Result "0-1"]
[WhiteElo "1928"]
[BlackElo "1665"]
[PlyCount "60"]
[EventDate "2012.08.17"]

1. e4 e6 2. d4 d5 3. Nc3 Nf6 4. Bg5 Bb4 5. Nge2 h6 6. Bd2 Bxc3 7. Nxc3 dxe4 8.
Qe2 Nc6 9. O-O-O O-O 10. Nxe4 Qxd4 11. Nxf6+ Qxf6 12. g4 Rd8 13. Bg2 Bd7 14. h4
Nd4 15. Qe3 Bc6 16. Bxc6 Nxc6 17. Kb1 Qe5 18. Qh3 Qe2 19. Kc1 Ne5 20. c3 Nf3
21. Be3 Ne5 22. Rxd8+ Rxd8 23. Kb1 Nd3 24. Bc1 Nxf2 25. Qg2 Qd3+ 26. Ka1 Nxh1
27. Qxh1 Qd1 28. Qxd1 Rxd1 29. Kb1 f5 30. gxf5 exf5 0-1

[Event "European Youth Chess Championship G14"]
[Site "Prague, Top Hotel Prague"]
[Date "2012.08.19"]
[Round "3.17"]
[White "Dyakonova, Ekaterina"]
[Black "Kanakova, Natalka"]
[Result "1-0"]
[WhiteElo "1921"]
[BlackElo "1652"]
[PlyCount "93"]
[EventDate "2012.08.17"]

1. e4 c5 2. Nf3 Nc6 3. d4 cxd4 4. Nxd4 g6 5. c4 Bg7 6. Be3 Nf6 7. Nc3 O-O 8.
Be2 d6 9. O-O Bd7 10. Qd2 Rc8 11. f3 Qa5 12. Nb3 Qc7 13. Rac1 Ne5 14. Nd5 Nxd5
15. exd5 Qb8 16. Nd4 a6 17. b3 b5 18. h3 f5 19. f4 Nf7 20. cxb5 axb5 21. Nc6
Bxc6 22. dxc6 Nd8 23. Qd5+ e6 24. Qxb5 Qa8 25. c7 Nb7 26. Bf3 d5 27. Qb6 Rfe8
28. Rf2 Bf8 29. Kh1 Nd6 30. a4 Ne4 31. Bxe4 fxe4 32. a5 Kf7 33. a6 Ba3 34. Rc6
Bf8 35. Bd4 e3 36. Bxe3 Bg7 37. Rfc2 e5 38. fxe5 Bxe5 39. Qc5 Kg7 40. Bd4 Kh6
41. Be3+ Kg7 42. Qxd5 Bf6 43. Bd4 Bxd4 44. Qxd4+ Kg8 45. Qb6 Re1+ 46. Kh2 Ree8
47. Qb7 1-0

[Event "European Youth Chess Championship G14"]
[Site "Prague, Top Hotel Prague"]
[Date "2012.08.19"]
[Round "3.18"]
[White "Imanly, Magrura"]
[Black "Hojjatova, Aydan"]
[Result "1/2-1/2"]
[WhiteElo "1670"]
[BlackElo "1920"]
[PlyCount "187"]
[EventDate "2012.08.17"]

1. e4 c5 2. Nc3 Nc6 3. g3 g6 4. Bg2 Bg7 5. d3 d6 6. Be3 Nf6 7. h3 O-O 8. Qd2
Rb8 9. Nge2 b5 10. Bh6 b4 11. Nd5 Nxd5 12. exd5 Ne5 13. Bxg7 Kxg7 14. d4 Nc4
15. Qd3 Nb6 16. dxc5 dxc5 17. Nf4 Qd6 18. O-O Na4 19. Rfe1 Bf5 20. Qb3 Nb6 21.
Qe3 Rfe8 22. Rad1 Rbc8 23. c3 a5 24. b3 c4 25. cxb4 axb4 26. bxc4 Nxc4 27. Qd4+
Qf6 28. Qxf6+ Kxf6 29. Nd3 Bxd3 30. Rxd3 Ra8 31. d6 exd6 32. Rc1 Rac8 33. Bb7
Rc5 34. Ba6 d5 35. Rb3 Rb8 36. a3 Nd2 37. Rxc5 Nxb3 38. Rc6+ Kg7 39. axb4 Rxb4
40. Rd6 Nc5 41. Be2 d4 42. Kg2 Rb2 43. Kf3 Rb3+ 44. Kf4 d3 45. Bd1 Rb1 46. Bf3
Re1 47. g4 Rc1 48. Ke3 Rc2 49. Bd1 Rxf2 50. Kxf2 Ne4+ 51. Ke3 Nxd6 52. Kxd3 Kf6
53. h4 Ke5 54. Ke3 f5 55. Kf3 f4 56. Be2 Ne4 57. Bd3 Nc5 58. Bc2 Ne6 59. Bd3
Nd4+ 60. Kf2 Kf6 61. Be4 h5 62. gxh5 gxh5 63. Bd3 Nf5 64. Be2 Ng3 65. Bf3 Ke5
66. Ke1 Kd4 67. Kd2 Ne4+ 68. Ke2 Ke5 69. Kd3 Nf2+ 70. Ke2 Ng4 71. Kd3 Kf5 72.
Kd4 Nf6 73. Kd3 Ke5 74. Kc4 Ke6 75. Kd4 Kd6 76. Kc4 Ng4 77. Kd4 Nf6 78. Kc4 Ke5
79. Kd3 Ng4 80. Kc4 Kf5 81. Kd5 Nf6+ 82. Kd4 Ng4 83. Kd5 Ne5 84. Bxh5 Ng4 85.
Kd4 f3 86. Be8 f2 87. Bb5 Kf4 88. h5 Kg5 89. h6 Kxh6 90. Ke4 Kg5 91. Kf3 Kh4
92. Bf1 Kg5 93. Bb5 Kf5 94. Bd3+ 1/2-1/2

[Event "European Youth Chess Championship G14"]
[Site "Prague, Top Hotel Prague"]
[Date "2012.08.19"]
[Round "3.19"]
[White "Semonaviciute, Agne"]
[Black "Sagadijeva, Anna"]
[Result "1-0"]
[WhiteElo "1656"]
[BlackElo "1890"]
[PlyCount "155"]
[EventDate "2012.08.17"]

1. e4 d5 2. exd5 Qxd5 3. Nc3 Qa5 4. d4 c6 5. Bd3 Nf6 6. Nf3 Bg4 7. h3 Bh5 8. g4
Bg6 9. Bxg6 hxg6 10. Bd2 Nxg4 11. Qe2 e6 12. O-O-O Nf6 13. Rde1 Nbd7 14. Ng5
Qf5 15. Qc4 Rh5 16. h4 Nd5 17. Nce4 O-O-O 18. Ng3 Qf6 19. Nxh5 gxh5 20. Rh3
N7b6 21. Qb3 Qxf2 22. c3 c5 23. Rf3 Qxh4 24. Nxf7 Re8 25. dxc5 Nc4 26. Qa4 Nc7
27. Nd6+ Bxd6 28. cxd6 b5 29. Qxa7 Nxd6 30. Ref1 Nf5 31. Qc5 g5 32. Re1 Qg4 33.
Rd3 h4 34. Qc6 Re7 35. Rd1 Qc4 36. Qf3 g4 37. Qf1 Ng3 38. Qf8+ Re8 39. Qd6 Ne4
40. Qd7+ Kb7 41. Rd4 Nc5 42. Rxc4 Nxd7 43. Rxg4 Rh8 44. Bg5 h3 45. Rh4 Rxh4 46.
Bxh4 Nd5 47. Rh1 Nf4 48. Bg5 Ne2+ 49. Kd1 Ng3 50. Rxh3 Ne4 51. Be3 Ndf6 52. Ke2
Nd5 53. Rh6 Nef6 54. Bd4 Nd7 55. Rh7 Kc6 56. Kd3 Nf4+ 57. Kc2 e5 58. Rxd7 Kxd7
59. Bxe5 Nd5 60. Kb3 Ne3 61. Bd4 Nc4 62. Kb4 Kc6 63. b3 Nb2 64. c4 Nd3+ 65. Kc3
bxc4 66. Kxc4 Nf4 67. b4 Ne6 68. b5+ Kb7 69. a4 Nc7 70. Be5 Na6 71. a5 Ka7 72.
b6+ Kb7 73. Kb5 Ka8 74. Bf4 Kb7 75. Bd6 Ka8 76. Kc6 Nc7 77. bxc7 Ka7 78. a6 1-0

[Event "European Youth Chess Championship G14"]
[Site "Prague, Top Hotel Prague"]
[Date "2012.08.19"]
[Round "3.20"]
[White "Bohanesova, Vendula"]
[Black "Mokshanova, Elizaveta"]
[Result "0-1"]
[WhiteElo "1653"]
[BlackElo "1859"]
[PlyCount "100"]
[EventDate "2012.08.17"]

1. e4 c5 2. Nf3 e6 3. d4 cxd4 4. Nxd4 Nc6 5. Nc3 Bb4 6. Nxc6 dxc6 7. Qxd8+ Kxd8
8. Bd2 Nf6 9. f3 Ke7 10. O-O-O e5 11. a3 Bd6 12. Bg5 Be6 13. Bxf6+ gxf6 14. g4
h5 15. h3 hxg4 16. fxg4 Bxg4 17. Rd2 Bc5 18. Rdh2 Be6 19. Bd3 Be3+ 20. Kd1 Bf4
21. Rg2 Bxh3 22. Rgg1 Be3 23. Re1 Bf2 24. Ref1 Bxf1 25. Rxf1 Bd4 26. Kc1 Bxc3
27. bxc3 Rh3 28. Kb2 Rd8 29. Bc4 b5 30. Bd3 Rdxd3 31. cxd3 Rxd3 32. Re1 Rd2+
33. Kb3 a5 34. a4 Ke6 35. axb5 cxb5 36. c4 bxc4+ 37. Kxc4 a4 38. Kb4 Rd4+ 39.
Ka3 f5 40. exf5+ Kxf5 41. Rf1+ Ke6 42. Rb1 e4 43. Rb6+ Ke5 44. Rb5+ Kf4 45. Rb6
f5 46. Re6 e3 47. Re8 Kf3 48. Re5 f4 49. Rc5 e2 50. Rc1 Rd1 0-1

[Event "European Youth Chess Championship G14"]
[Site "Prague, Top Hotel Prague"]
[Date "2012.08.19"]
[Round "3.21"]
[White "Verstraeten, Iris"]
[Black "Sucikova, Svetlana"]
[Result "0-1"]
[WhiteElo "1639"]
[BlackElo "1843"]
[PlyCount "160"]
[EventDate "2012.08.17"]

1. e4 e5 2. Nf3 Nc6 3. Bc4 Bc5 4. b4 Bb6 5. b5 Nd4 6. Nxd4 Bxd4 7. c3 Bb6 8.
O-O Qf6 9. Bb2 Ne7 10. d4 d6 11. a4 c6 12. a5 Bc7 13. Re1 O-O 14. Nd2 exd4 15.
cxd4 Qh6 16. Nf3 Bg4 17. d5 c5 18. h3 Bxf3 19. Qxf3 f6 20. Bc1 Qg6 21. Bf4 b6
22. Bd3 Qe8 23. Qg3 Qd7 24. axb6 axb6 25. h4 Kh8 26. h5 Ra5 27. Bd2 Raa8 28.
Bf4 Rfb8 29. Qf3 Nc8 30. h6 g6 31. Bd2 Bd8 32. Bc3 Qe7 33. e5 Rxa1 34. Bxa1 Kg8
35. Qxf6 Qxf6 36. exf6 Kf7 37. Re6 Ra8 38. Re1 Ra4 39. g3 Na7 40. Rb1 c4 41.
Be2 Nxb5 42. Rc1 Na3 43. Bb2 b5 44. Ra1 Nc2 45. Rxa4 bxa4 46. Bxc4 Bxf6 47. Bc1
Bd4 48. Kf1 Bc5 49. Ke2 Nd4+ 50. Kd3 Nf3 51. Kc2 Bxf2 52. g4 Bc5 53. Kb2 Kf6
54. Ka2 Ke5 55. Bb5 Kxd5 56. Bxa4 Ke4 57. Bc2+ Kd5 58. Bb3+ Ke5 59. Bg8 Kf6 60.
Bxh7 Kf7 61. Kb3 d5 62. Kc3 Ne5 63. g5 Nd7 64. Bxg6+ Kxg6 65. Kd3 Ne5+ 66. Ke2
Bd4 67. Be3 Bb2 68. Bd2 Nf7 69. Kd3 Nxg5 70. Bc3 Bxc3 71. Kxc3 Kf5 72. Kd4 Ke6
73. Kd3 Ke5 74. Ke3 d4+ 75. Kd3 Kd5 76. Kd2 Ke4 77. Ke2 d3+ 78. Kd1 Ke3 79. Ke1
d2+ 80. Kd1 Nh7 0-1

[Event "European Youth Chess Championship G14"]
[Site "Prague, Top Hotel Prague"]
[Date "2012.08.19"]
[Round "3.22"]
[White "Heinemann, Josefine"]
[Black "Temel, Burcu Melis"]
[Result "1/2-1/2"]
[WhiteElo "1839"]
[BlackElo "1615"]
[PlyCount "151"]
[EventDate "2012.08.17"]

1. e4 c5 2. Nf3 e6 3. d4 cxd4 4. Nxd4 Nf6 5. Nc3 Nc6 6. Be3 Bb4 7. Nxc6 bxc6 8.
Bd3 d5 9. exd5 cxd5 10. O-O O-O 11. Nb5 a6 12. a3 Be7 13. Nc3 Qc7 14. Ne2 Bb7
15. Ng3 Rfd8 16. c3 e5 17. Nf5 Bf8 18. Bg5 Qc6 19. Rc1 d4 20. f3 Qb6 21. cxd4
exd4 22. Qd2 a5 23. Qf2 Rd5 24. Qh4 Ba6 25. Bxf6 Bxd3 26. Bxd4 Qg6 27. Ng3 Bxf1
28. Rxf1 Qd3 29. Bc3 Qe3+ 30. Kh1 Rad8 31. Qa4 Qb6 32. Qc2 Qb5 33. Re1 Qd7 34.
Kg1 Bc5+ 35. Kf1 Qb5+ 36. Qe2 Qxe2+ 37. Rxe2 Rd1+ 38. Re1 Rxe1+ 39. Kxe1 Bd4
40. Bxa5 Re8+ 41. Kd2 Bxb2 42. Bb4 Ra8 43. Ke3 Bxa3 44. Bxa3 Rxa3+ 45. Kf2 Ra2+
46. Kg1 g6 47. h4 f5 48. h5 Kg7 49. hxg6 hxg6 50. Kh2 Kf6 51. Kh3 Kg5 52. Kh2
Kh4 53. Nf1 f4 54. Kh1 Kg5 55. Kg1 Kf5 56. Nh2 Ke5 57. Ng4+ Kd4 58. Kh2 Kd3 59.
Ne5+ Ke3 60. Nxg6 Ra6 61. Ne5 Kf2 62. Nd3+ Ke3 63. Ne5 Rh6+ 64. Kg1 Ra6 65. Kh2
Rh6+ 66. Kg1 $11 Rh7 67. Ng4+ Ke2 68. Nh2 Ra7 69. Ng4 Ra1+ 70. Kh2 Kf1 71. Kh3
Ra2 72. g3 Ke2 73. Ne5 Ke3 74. g4 Kf2 75. g5 Ra5 76. Kg4 1/2-1/2

[Event "European Youth Chess Championship G14"]
[Site "Prague, Top Hotel Prague"]
[Date "2012.08.19"]
[Round "3.23"]
[White "Rakic, Teodora"]
[Black "Kasapchuk, Oleksandra"]
[Result "0-1"]
[WhiteElo "1832"]
[BlackElo "1604"]
[PlyCount "92"]
[EventDate "2012.08.17"]

1. d4 Nf6 2. c4 g6 3. Nc3 Bg7 4. e4 O-O 5. h3 c5 6. d5 d6 7. Bd3 e6 8. f4 exd5
9. exd5 Nh5 10. Nf3 Re8+ 11. Ne2 Ng3 12. Rh2 Bf5 13. Nfg1 Qh4 14. Kd2 Bxd3 15.
Kxd3 Nd7 16. Qe1 Ne5+ 17. Kc2 Qf6 18. Qxg3 Qf5+ 19. Kd1 Nxc4 20. Qb3 Qxd5+ 21.
Kc2 Re7 22. g4 Qe4+ 23. Qd3 Qxd3+ 24. Kxd3 Bxb2 25. Bxb2 Nxb2+ 26. Kc2 Nc4 27.
Nc3 Ne3+ 28. Kd2 Rae8 29. Re2 Nc4+ 30. Kd3 Rxe2 31. Ngxe2 Nb6 32. Rd1 d5 33.
Nc1 d4 34. N3e2 Re3+ 35. Kc2 Rxh3 36. Rd3 Rh2 37. Kb1 Nd5 38. a3 b5 39. Rb3 a6
40. Rb2 h5 41. gxh5 gxh5 42. f5 d3 43. Nxd3 Rxe2 44. Nxc5 Nc3+ 45. Kc1 Rxb2 46.
Kxb2 Na4+ 0-1

[Event "European Youth Chess Championship G14"]
[Site "Prague, Top Hotel Prague"]
[Date "2012.08.19"]
[Round "3.24"]
[White "Dakhundaridze, Nino"]
[Black "Vasova, Maria"]
[Result "1-0"]
[WhiteElo "1635"]
[BlackElo "1804"]
[PlyCount "55"]
[EventDate "2012.08.17"]

1. e4 d6 2. d4 Nf6 3. Nc3 g6 4. Nf3 Bg7 5. h3 O-O 6. Be3 c6 7. Be2 Nbd7 8. O-O
e5 9. dxe5 dxe5 10. Nd2 Qc7 11. Nc4 Rd8 12. Qd6 Qxd6 13. Nxd6 Nb6 14. Rad1 Ne8
15. Nc4 Rxd1 16. Rxd1 Nd7 17. Bg4 f5 18. exf5 h5 19. Be2 gxf5 20. Bxh5 Nef6 21.
Bg6 f4 22. Bc1 b5 23. Na5 b4 24. Ne4 Ba6 25. Nxc6 Bb5 26. Nxf6+ Nxf6 27. Nxe5
Rc8 28. Bxf4 1-0

[Event "European Youth Chess Championship G14"]
[Site "Prague, Top Hotel Prague"]
[Date "2012.08.19"]
[Round "3.25"]
[White "Liscinska, Jana"]
[Black "Jinely, Tamar"]
[Result "0-1"]
[WhiteElo "1589"]
[BlackElo "1789"]
[PlyCount "52"]
[EventDate "2012.08.17"]

1. e4 c5 2. Nf3 a6 3. c3 d5 4. exd5 Nf6 5. d4 cxd4 6. Nxd4 Qxd5 7. Nd2 Nc6 8.
Nxc6 Qxc6 9. Qf3 Bd7 10. Be2 O-O-O 11. O-O Qc7 12. Nc4 Bc6 13. Qf5+ e6 14. Qc2
h5 15. Be3 Ng4 16. Bxg4 hxg4 17. g3 Bc5 18. Bxc5 Rxh2 19. Nb6+ Qxb6 20. f3 Rxc2
21. Bxb6 Rdd2 22. Rfd1 Rg2+ 23. Kf1 Bb5+ 24. Ke1 Rge2+ 25. Kf1 Rh2+ 26. Kg1
Rcg2# 0-1

[Event "European Youth Chess Championship G14"]
[Site "Prague, Top Hotel Prague"]
[Date "2012.08.19"]
[Round "3.26"]
[White "Pychova, Nela"]
[Black "Kyrkjebo, Hanna B"]
[Result "1-0"]
[WhiteElo "1786"]
[BlackElo "1546"]
[PlyCount "57"]
[EventDate "2012.08.17"]

1. e4 e5 2. Nc3 Nf6 3. Bc4 Nxe4 4. Qh5 Nd6 5. Bb3 Be7 6. Nf3 Nc6 7. Nxe5 Nxe5
8. Qxe5 O-O 9. O-O Bf6 10. Qh5 b6 11. d3 Bb7 12. Bf4 g6 13. Qd1 Bg7 14. d4 Nf5
15. d5 c6 16. d6 Qf6 17. Qd2 Rfe8 18. Rfe1 Bf8 19. Ne4 Qxb2 20. Ng5 Nh6 21. Nf3
Nf5 22. g4 Ng7 23. Ne5 Ne6 24. Rab1 Qa3 25. Nxd7 Nxf4 26. Qxf4 Rxe1+ 27. Rxe1
Bxd6 28. Qxf7+ Kh8 29. Qf6# 1-0

[Event "European Youth Chess Championship G14"]
[Site "Prague, Top Hotel Prague"]
[Date "2012.08.19"]
[Round "3.27"]
[White "Fuskova, Martina"]
[Black "Pashkuridze, Tamar"]
[Result "1-0"]
[WhiteElo "1752"]
[BlackElo "1538"]
[PlyCount "69"]
[EventDate "2012.08.17"]

1. e4 c6 2. d4 d5 3. Nc3 dxe4 4. Nxe4 Nd7 5. Bc4 Ngf6 6. Ng5 e6 7. Qe2 Nb6 8.
Bd3 h6 9. N5f3 Be7 10. Bd2 Qc7 11. Ne5 O-O 12. f4 a5 13. Ngf3 Nbd5 14. g4 Nd7
15. g5 hxg5 16. fxg5 Nxe5 17. Nxe5 g6 18. O-O-O Bd6 19. h4 Bxe5 20. dxe5 Ne7
21. h5 Nf5 22. Qh2 Qe7 23. hxg6 fxg6 24. Qh8+ Kf7 25. Rh7+ Ke8 26. Rxe7+ Kxe7
27. Qh7+ Rf7 28. Qxg6 Bd7 29. Rh1 Raf8 30. Bxa5 c5 31. Bb6 Rg7 32. Rh7 Rff7 33.
Rxg7 Rxg7 34. Qf6+ Ke8 35. Bxf5 1-0

[Event "European Youth Chess Championship G14"]
[Site "Prague, Top Hotel Prague"]
[Date "2012.08.19"]
[Round "3.28"]
[White "Lahav, Michal"]
[Black "Kubosova, Jana"]
[Result "0-1"]
[WhiteElo "1744"]
[BlackElo "1497"]
[PlyCount "88"]
[EventDate "2012.08.17"]

1. e4 c5 2. Nf3 Nc6 3. c3 g6 4. Bd3 Bg7 5. Bc2 Nf6 6. d3 O-O 7. O-O d5 8. exd5
Nxd5 9. h3 Bf5 10. Re1 Re8 11. Nbd2 Qc7 12. Ne4 Ne5 13. Bb3 Rad8 14. Nxe5 Bxe5
15. Qf3 Nf6 16. Nxf6+ Bxf6 17. Bc4 a6 18. g4 Bc8 19. g5 b5 20. Bd5 Rxd5 21.
Qxd5 Bb7 22. Qb3 Qc6 23. Re4 c4 24. Qd1 Rd8 25. gxf6 Qxe4 26. dxe4 Rxd1+ 27.
Kh2 exf6 28. f3 Bc8 29. Kg2 f5 30. exf5 Bxf5 31. b3 cxb3 32. axb3 Be6 33. b4 g5
34. Kg3 f5 35. Rxa6 f4+ 36. Kg2 Kf7 37. Ba3 Ra1 38. Ra7+ Ke8 39. Kf2 Bc4 40.
Ra5 Kd7 41. Bb2 Rb1 42. Ba1 Kc6 43. Ra7 Kb6 44. Ra5 Bf1 0-1

[Event "European Youth Chess Championship G14"]
[Site "Prague, Top Hotel Prague"]
[Date "2012.08.19"]
[Round "3.29"]
[White "Dzurjaninova, Hana"]
[Black "Roklicer, Heike"]
[Result "0-1"]
[WhiteElo "1544"]
[BlackElo "1743"]
[PlyCount "94"]
[EventDate "2012.08.17"]

1. e4 c5 2. Nf3 Nc6 3. d4 cxd4 4. Nxd4 g6 5. Be3 Bg7 6. Nc3 Nf6 7. Bc4 O-O 8.
f3 Qb6 9. Bb3 Nxe4 10. fxe4 Bxd4 11. Bxd4 Qxd4 12. Qxd4 Nxd4 13. Ba4 d6 14.
O-O-O Nc6 15. Nd5 Bg4 16. Rd3 Rae8 17. Rc3 Bd7 18. Rf1 Kg7 19. h3 f6 20. Rb3
Bc8 21. Bxc6 bxc6 22. Nc7 Rd8 23. Ra3 Kf7 24. Rc3 Bb7 25. Ra3 Rd7 26. Na6 Bxa6
27. Rxa6 c5 28. Rd1 Rb7 29. Ra3 Rfb8 30. Rb3 Rxb3 31. axb3 Rb4 32. Re1 Ke6 33.
Kd2 Ke5 34. Ra1 Rxe4 35. g3 Kd5 36. c3 h5 37. Rxa7 g5 38. Ra8 h4 39. g4 Ke5 40.
Ra4 f5 41. Rxe4+ Kxe4 42. gxf5 Kxf5 43. b4 cxb4 44. cxb4 Ke5 45. b5 d5 46. b6
Kd6 47. Kd3 e5 0-1